| 000 | 00418nam a2200157Ia 4500 | ||
|---|---|---|---|
| 008 | 200103s9999||||xx |||||||||||||| ||und|| | ||
| 020 | _a9788177582383, | ||
| 040 | _aIMU-MPC | ||
| 082 | _aColumn-29 | ||
| 100 | _aEastop, T. D. and McConkey, A. | ||
| 245 | 0 | _aApplied Thermodynamics for Engineering technologiests (Replaced Copy) | |
| 250 | _a5th ed. | ||
| 260 | _bPearson Education | ||
| 300 | _a735 | ||
| 942 | _cBK | ||
| 999 |
_c7308 _d7308 |
||